000 00548nam a2200181Ia 4500
003 GCL
008 140319s9999 xx 000 0 ara d
040 _aGCL /
_cGCL
082 0 4 _a810.8009
_bم م
100 1 _aمحمد عبدالمنعم عامر
245 1 0 _aمدارس النقد الادبى الحديث /
_cمحمد عبدالمنعم عامر
300 _a319 ص
490 _a
650 0 4 _aالادب العربى
650 0 4 _aالعصر الحديث
650 0 4 _aالادب العربى - تاريخ ونقد
942 _2ddc
_cBK
999 _c39809
_d39809